| 000 | 00690nam a22002057a 4500 | ||
|---|---|---|---|
| 003 | LK-CoMWRAF | ||
| 005 | 20240103142211.0 | ||
| 008 | 231203b2009 |||||||| |||| 00| 0 eng d | ||
| 020 | _a9551772466 | ||
| 040 |
_aLK-CoMWRAF _dLK-CoMWRAF _eLK-CoMWRAF |
||
| 041 | _aeng | ||
| 082 |
_a363.34 _bSIL |
||
| 100 | _aSilva, D. A. Premakumara De | ||
| 245 |
_aThe "second tsunami" : _bthe loss of peaceful coexistence among Tsunami-affected villagers in Southern Sri Lanka |
||
| 260 |
_aColombo: _bSocial Scientists' Association, _c2009 |
||
| 300 | _a 19 p. : ill., maps ; 23 cm | ||
| 650 | _aDisaster relief- Social aspects- Sri Lanka | ||
| 650 | _aNatural disasters- Sri Lanka | ||
| 942 | _cBK | ||
| 999 |
_c4290 _d4290 |
||